[Event "Boksburg Inter Region-ch"]
[Site "Boksburg"]
[Date "2016.12.22"]
[Round "5.2"]
[White "Prinsloo, Marthinus Philippus"]
[Black "Xulu, Lindokuhle"]
[Result "0-1"]
[WhiteElo "1524"]
[BlackElo "1848"]
[PlyCount "78"]
[EventDate "2016.12.20"]
[EventType "team-swiss"]
[EventRounds "7"]
[EventCountry "RSA"]
[SourceTitle "CBM 176 Extra"]
[Source "ChessBase"]
[SourceDate "2017.03.02"]
[SourceVersion "1"]
[SourceVersionDate "2017.03.02"]
[SourceQuality "1"]
[WhiteTeam "Beliebers"]
[BlackTeam "Ethekwini"]
[WhiteTeamCountry "RSA"]
[BlackTeamCountry "RSA"]

1. d4 Nf6 2. c4 e5 3. dxe5 Ng4 4. Nf3 Nc6 5. Nc3 Bb4 6. Bd2 Ngxe5 7. e4 d6 8. Be2 Be6 9. Nd5 Bxd2+ 10. Qxd2 0-0 11. 0-0 f5 12. Ng5 Bd7 13. f4 Ng6 14. Bd3 Nd4 15. exf5 Nxf5 16. g4 Nfe7 17. f5 Ne5 18. Nf4 c6 19. Nge6 Qb6+ 20. c5 dxc5 21. Kg2 Bxe6 22. Nxe6 Rfd8 23. Nxd8 Rxd8 24. Qe2 Qc7 25. Rae1 Nxd3 26. Qxe7 Nxe1+ 27. Qxe1 Qd6 28. Qe6+ Qxe6 29. fxe6 Re8 30. Re1 Kf8 31. Kf3 Ke7 32. Kf4 Kd6 33. Kf5 Rf8+ 34. Kg5 Ke7 35. Re2 Rf6 36. h4 Rxe6 37. Rxe6+ Kxe6 38. h5 b5 39. Kf4 a5 0-1

[Event "Boksburg Inter Region-ch"]
[Site "Boksburg"]
[Date "2016.12.20"]
[Round "1.3"]
[White "Makhubela, Linda"]
[Black "Xulu, Lindokuhle"]
[Result "0-1"]
[WhiteElo "1622"]
[BlackElo "1848"]
[PlyCount "124"]
[EventDate "2016.12.20"]
[EventType "team-swiss"]
[EventRounds "7"]
[EventCountry "RSA"]
[SourceTitle "CBM 176 Extra"]
[Source "ChessBase"]
[SourceDate "2017.03.02"]
[SourceVersion "1"]
[SourceVersionDate "2017.03.02"]
[SourceQuality "1"]
[WhiteTeam "Johannesburg Metro II"]
[BlackTeam "Ethekwini"]
[WhiteTeamCountry "RSA"]
[BlackTeamCountry "RSA"]

1. e4 c6 2. d4 d5 3. e5 Bf5 4. Ne2 e6 5. Ng3 Bg6 6. h4 h6 7. h5 Bh7 8. Bd3 Bxd3 9. cxd3 c5 10. dxc5 Qa5+ 11. Bd2 Qxc5 12. 0-0 Nc6 13. Re1 Be7 14. Qg4 Bf8 15. Nc3 Qd4 16. Qe2 Qb6 17. b3 Nge7 18. Rac1 Qa6 19. Na4 Nd4 20. Qg4 Nef5 21. Nxf5 Nxf5 22. Bb4 b5 23. Bxf8 bxa4 24. Bb4 Kd7 25. bxa4 Rhc8 26. Ba3 Qxd3 27. Rxc8 Rxc8 28. Qb4 Qc4 29. Qb7+ Qc7 30. Qb5+ Qc6 31. Qa5 Qb6 32. Qd2 Rc4 33. a5 Qd4 34. Qe2 Qc3 35. Bf8 Nd4 36. Qf1 Qd2 37. Ba3 Qg5 38. Qd3 Qxh5 39. Bb2 Nc2 40. Rb1 Nb4 41. Qe3 Nc6 42. g3 Qf5 43. Re1 Qc2 44. Qa3 Qd2 45. Qd6+ Ke8 46. Rc1 Rxc1+ 47. Bxc1 Qxc1+ 48. Kg2 Ne7 49. Qb8+ Nc8 50. a6 Kf8 51. a4 Kg8 52. a5 Kh7 53. Qb7 Kg8 54. f4 Qc5 55. g4 Ne7 56. Kh3 Kh7 57. Kg2 d4 58. Kg3 Qc3+ 59. Kh2 Qc2+ 60. Kg3 Nd5 61. Qxa7 Qd3+ 62. Kh4 Nxf4 0-1

[Event "Johannesburg Redpath op"]
[Site "Johannesburg"]
[Date "2016.07.16"]
[Round "7"]
[White "Oatlhotse, Providence"]
[Black "Xulu, Lindokuhle"]
[Result "1/2-1/2"]
[WhiteElo "2250"]
[BlackElo "1775"]
[PlyCount "78"]
[EventDate "2016.07.13"]
[EventType "swiss"]
[EventRounds "9"]
[EventCountry "RSA"]
[SourceTitle "CBM 173 Extra"]
[Source "ChessBase"]
[SourceDate "2016.08.29"]
[SourceVersion "1"]
[SourceVersionDate "2016.08.29"]
[SourceQuality "1"]

1. d4 d5 2. Nf3 Nf6 3. c4 c6 4. e3 Bf5 5. Nc3 e6 6. Nh4 Bg4 7. Qb3 Qb6 8. h3 Bh5 9. g4 Bg6 10. Nxg6 Qxb3 11. axb3 hxg6 12. Bg2 Nbd7 13. Bd2 Bd6 14. Ke2 0-0 15. f4 Rfc8 16. c5 Bc7 17. b4 a6 18. Bf3 Kf8 19. h4 Ke7 20. h5 gxh5 21. g5 Ne8 22. Rxh5 g6 23. Rh7 Nf8 24. Rh3 Ng7 25. Nd1 Nf5 26. Nf2 Nd7 27. Bg4 Rh8 28. Bxf5 exf5 29. Rah1 Rxh3 30. Rxh3 Nf8 31. Rh8 Rb8 32. Nd3 Ne6 33. Rh7 Nf8 34. Rh1 Ne6 35. Nc1 Ng7 36. Nb3 Nh5 37. Be1 Re8 38. Kf3 Kd7 39. Bf2 Ke7 1/2-1/2